Midwestern United States Map Quiz - Statistics

General Stats
  • This quiz has been taken 1,614 times
  • The average score is 9 of 12
Answers on the Map
Answers color-coded by a green-red scale on the quiz's map according to % correct below.
 
Answer Stats
Answer % Correct
Michigan
89%
Ohio
84%
South Dakota
82%
Indiana
81%
North Dakota
81%
Illinois
79%
Minnesota
76%
Nebraska
75%
Wisconsin
74%
Iowa
72%
Kansas
69%
Missouri
69%
No matching quizzes found
Score Distribution
Percent of People with Each Score
Percentile by Number Answered
Your Score History
You have not taken this quiz